Vyfarbujem a učím sa 4-5 rokov

Bibliographic Details
Other Authors: Madarásová, Jitka (Translator)
Format: Book
Language:Slovak
French
PhysicalDescription:[48] s. ilustr. 27 cm
Published: Bratislava Svojtka & Co. 2014
ISBN:9788081078347 (brož.)
Edition:1. slov. vyd.
Subjects:

MARC

LEADER 00000nam a2200000 a 4500
001 vtls010640365
003 SK-MaSNL
005 20260301041045.0
008 160429s2014 xo a a 000 0 slo
015 |a SNBA2014/12 
020 |a 9788081078347 (brož.) 
040 |a SNK  |b slo  |c SNK  |e AACR2 
041 1 |a slo  |h fre 
044 |a xo  |c SK 
072 7 |a 0/9-053.2  |x Literatúra pre deti a mládež (náučná)  |2 konspekt 
080 |a 592/599  |2 2001 
080 |a (084.053.2)  |2 2001 
245 1 0 |a Vyfarbujem a učím sa 4-5 rokov  |c [preklad Jitka Madarásová] 
250 |a 1. slov. vyd. 
260 |a Bratislava  |b Svojtka & Co.  |c 2014 
300 |a [48] s.  |b ilustr.  |c 27 cm 
500 |a Názov z obalu 
521 1 |a Pre deti od 4 rokov 
650 0 7 |a zvieratá  |2 SNKPH  |9 1091 
650 0 7 |a Animals  |2 SNKPHeng  |9 267568 
655 7 |a omaľovanky  |2 SNKPH  |9 329803 
655 7 |a Colouring books  |2 SNKPHeng  |9 302494 
700 1 |a Madarásová, Jitka  |4 trl  |9 207448 
919 |a 978-80-8107-834-7 
958 |a DB 
999 |c 587488  |d 589418 
952 |a SNK  |b SNK  |y PREZ  |7 0  |p 17A1132536  |o snkOSB 17790  |i snk2014/26687  |8 0  |0 0  |1 0  |4 0  |d 2014-12-02  |l 0  |r 2026-02-23 15:13:54  |w 2026-02-23 
952 |a SNK  |b SNK  |y PREZ  |7 0  |p 17A1132537  |o snkOSB 17790 D1  |i snk2014/26688  |8 0  |0 0  |1 0  |4 0  |d 2014-12-02  |l 0  |r 2026-02-23 15:13:54  |w 2026-02-23